Sports Quiz

Random Sports Quiz

BYU Passing leaders (1975 - 2010) Quiz Stats

 Plays Quiz not verified by Sporcle

Support Sporcle.
Go Orange.
Score 0/36 Timer 06:00
0 Plays Today
Year Quarterback % Correct
1982Steve Young
96.6%
1989Ty Detmer
94.5%
1983Steve Young
87.6%
1990Ty Detmer
86.2%
1991Ty Detmer
86.2%
2007Max Hall
84%
2008Max Hall
84%
2009Max Hall
84%
1980Jim McMahon
83.4%
1981Jim McMahon
83.4%
1984Robbie Bosco
79.5%
2004John Beck
78.3%
2005John Beck
78.3%
2006John Beck
78.3%
1985Robbie Bosco
76.5%
1995Steve Sarkisian
66.5%
1996Steve Sarkisian
66.5%
2010Jake Heaps
65.1%
Year Quarterback % Correct
2001Brandon Doman
64.7%
1975Gifford Neilson
62.7%
1976Gifford Neilson
62.7%
1977Marc Wilson
56.4%
1978Marc Wilson
56.4%
1979Marc Wilson
56.4%
1993John Walsh
49.7%
1994John Walsh
49.7%
1998Kevin Feterik
46%
1997Kevin Feterik
46%
1999Kevin Feterik
46%
1988Sean Covey
45.6%
2003Matt Berry
42.2%
2002Bret Engemann
37.5%
2000Charlie Peterson
30.4%
1992Ryan Hancock
27.6%
1986Steve Lindsley
23.5%
1987Bob Jensen
21.3%

You're not logged in!

Compare scores with friends on all Sporcle quizzes.
OR
Log In

From the Vault

30 in 60: Largest Cities

by RobPro

City puns? We won't go Oslo as that.
Remove Ads.
Support Sporcle.
Get the best of Sporcle when you Go Orange. This ad-free experience offers more features, more stats, and more fun while also helping to support Sporcle. Thank you for becoming a member.

Show Comments

Extras

Top Quizzes Today


Score Distribution

Your Account Isn't Verified!

In order to create a playlist on Sporcle, you need to verify the email address you used during registration. Go to your Sporcle Settings to finish the process.

Report this User

Report this user for behavior that violates our Community Guidelines.

Details: